000
00199 a2200109 4500
020
_a
48477641137
041
_a
spa
100
_a
Marti, Jose
245
_a
Aprende Ingles
942
_c
BK
952
_7
4
999
_c
23529
_d
23529